| 000 | 00689 a2200229 4500 | ||
|---|---|---|---|
| 001 | 21964 | ||
| 650 | 0 |
_aTürk dili _xDil bilgisi _96944 |
|
| 999 |
_c21964 _d8629 |
||
| 003 | TR-AnTOB | ||
| 005 | 20211021000816.0 | ||
| 008 | 041102s1999 tu tur | ||
| 020 | _a9751611482 | ||
| 041 | _atur | ||
| 050 |
_aPL123 _b.T87 1999 |
||
| 090 | _aPL123 .T87 1999 | ||
| 245 | 0 | _aTürk gramerinin sorunları | |
| 264 | 1 |
_aAnkara : _bAtatürk Kültür, Dil ve Tarih Yüksek Kurumu Türk Dil Kurumu, _c1999 |
|
| 300 |
_av, 540 p. : _btables ; _c24 cm. |
||
| 490 | 0 | _aAtatürk Kültür, Dil ve Tarih Yüksek Kurumu Türk Dil Kurumu Yayınları; 718 | |
| 500 | _aIncludes bibliographies and index. | ||
| 902 | _a0006801 | ||
| 942 | _cBK | ||